New Mexico's original 9 counties - Statistics

General Stats
  • This quiz has been taken 3 times
  • The average score is 4 of 9
Answer Stats
Counties % Correct
Santa Fe
100%
Bernalillo
67%
Doña Ana
67%
Rio Arriba
67%
Taos
67%
San Miguel
33%
Valencia
33%
Santa Ana
0%
Socorro
0%
No matching quizzes found
Score Distribution
Percent of People with Each Score
Percentile by Number Answered
Your Score History
You have not taken this quiz